000 00419nam a2200169Ia 4500
008 180921t2009 xxu||||| |||| 00| 0 eng d
041 _aeng
080 _a581
_bKAR
100 _aKarunagoda,Renuka.
245 _aPlant Systematics and Nomenclature
260 _bSaduni
_aKandy
_c2009
300 _a71p., 21 cm
650 _aBio Chemistry
942 _cBK
999 _c13972
_d13972
003 LK-CoDNM
040 _aLK-CoDNM
_dLK-CoDNM
_eLK-CoDNM